书目信息 |
| 题名: |
不屈的共产党人
|
|
| 作者: | ;本社 编 | |
| 分册: | 二 | |
| 出版信息: | 北京 人民出版社 1980.06 |
|
| 页数: | 387页 | |
| 开本: | 19cm | |
| 丛书名: | ||
| 单 册: | ||
| 中图分类: | K824.1 | |
| 科图分类: | ||
| 主题词: | 人物--传记--中国 | |
| 电子资源: | ||
| ISBN: | ||
| 000 | 00567nam0 2200217 45 | |
| 001 | 0180003063 | |
| 005 | 20060720091710.68 | |
| 010 | @dCNY0.86 | |
| 091 | @a3001.1819 | |
| 100 | @a19960215d1980 em y0chiy0121 ea | |
| 101 | 0 | @achi |
| 102 | @aCN@b110000 | |
| 105 | @af z 000yc | |
| 200 | 10 | @a不屈的共产党人@Abu qu de gong chan dang ren@h二@f本社编@FBen She Bian |
| 210 | @a北京@c人民出版社@d1980.06 | |
| 215 | @a387页@c照片@d19cm | |
| 606 | 0 | @a人物@x传记@x中国 |
| 690 | @aK824.1@v3 | |
| 711 | 02 | @a本社@4编 |
| 801 | 0 | @aCN@bNLC@c20060720 |
| 905 | @dK824.1@e3:2 | |
| 不屈的共产党人.二/本社编.-北京:人民出版社,1980.06 |
| 387页:照片;19cm |
| ISBN :CNY0.86 |
| ● |
| 相关链接 |
|
|
|
|
正题名:不屈的共产党人
索取号:K824.1/3:2
 
预约/预借
| 序号 | 登录号 | 条形码 | 馆藏地/架位号 | 状态 | 备注 |
| 1 | 0435304 | 204353047 | 密集书库/ [索取号:K824.1/3:2] | 在馆 | |
| 2 | 0435305 | 204353056 | 密集书库/ [索取号:K824.1/3:2] | 在馆 | |
| 3 | 0435334 | 204353341 | 密集书库/ [索取号:K824.1/3:2] | 在馆 |